| 000 | 00931cam a2200217 4500 | ||
|---|---|---|---|
| 005 | 20260218115941.0 | ||
| 008 | 180606b2000 ar ||||| |||| 00| 0dspa d | ||
| 020 | _a9505084676 | ||
| 050 | 0 | 4 |
_aKHA1499.W34 _bM39 2000 |
| 100 | 1 | _aMaza, Alberto José | |
| 245 | 1 | 0 |
_aCréditos laborales en los concursos _b : pronto pago, Fuero de atracción, verificación, Privilegios, Continuación de la explotación, Efectos del concurso preventivo y la quiebra, Quiebra solicitada por acreedor laboral _c / Alberto José Maza, Javier Armando Lorente |
| 250 | _a2a ed. | ||
| 260 |
_aBuenos Aires : _bAstrea de Alfredo y Ricardo Depalma, _c2000 |
||
| 300 |
_axvi, 243 p. ; _c23 cm. |
||
| 504 | _aBibliografía : p. 237-243 | ||
| 650 | 7 |
_2lemb _aQuiebra _zArgentina |
|
| 650 | 7 |
_2lemb _aSalarios _xLegislación _zArgentina |
|
| 650 | 7 |
_2lemb _aContrato de trabajo _zArgentina |
|
| 700 | 1 |
_aLorente, Javier Armando, _eautor |
|
| 942 |
_2lcc _cLIB |
||
| 999 |
_c75496 _d75496 |
||